[Event "Detroit (RVO/4)"]
[Site "?"]
[Date "1990.??.??"]
[Round "?"]
[White "Fiedler, Robert"]
[Black "Lewis, Derrick"]
[Result "0-1"]
[WhiteElo "1750"]
[BlackElo "1955"]
[PlyCount "100"]
[EventDate "1990.??.??"]

1. e4 e5 2. Nf3 Nc6 3. Bb5 Nf6 4. Nc3 d6 5. d3 Be7 6. Nd5 a6 7. Nxe7 Qxe7 8.
Ba4 b5 9. Bb3 Na5 10. Bd2 Nxb3 11. axb3 Bb7 12. O-O O-O 13. c4 c5 14. Nh4 Nxe4
15. Nf5 Qf6 16. dxe4 Bxe4 17. Ng3 Bd3 18. Re1 bxc4 19. bxc4 Bxc4 20. Re4 Be6
21. Ra3 Qe7 22. Nh5 f5 23. Bg5 Qxg5 24. Rg3 Qxg3 25. Nxg3 fxe4 26. Qxd6 Bf7 27.
Qxc5 Rac8 28. Qe3 Rc2 29. b4 Bc4 30. h3 Rfxf2 31. Qxf2 Rxf2 32. Kxf2 Bd5 33.
Ke3 Kf7 34. Nf5 g6 35. Nh6+ Ke7 36. Ng4 Kd6 37. h4 h5 38. Nf2 Kc6 39. g4 Kb5
40. g5 Kxb4 41. Nxe4 Bxe4 42. Kxe4 a5 43. Kxe5 a4 44. Kf6 a3 45. Kxg6 a2 46.
Kxh5 a1=Q 47. Kh6 Qh8+ 48. Kg6 Qxh4 49. Kf5 Qh7+ 50. g6 Qg7 0-1

[Event "Detroit (MOR/3/28)"]
[Site "?"]
[Date "1990.??.??"]
[Round "?"]
[White "Fiedler, Robert"]
[Black "Kirkman-Bey, R."]
[Result "1-0"]
[WhiteElo "1720"]
[BlackElo "1605"]
[PlyCount "43"]
[EventDate "1990.??.??"]

{3/(28)} 1. c4 Nf6 2. d4 e6 3. Nc3 Bb4 4. a3 Bxc3+ 5. bxc3 b6 6. Nf3 Bb7 7. Bg5
d6 8. d5 Nbd7 9. e4 Qc8 10. Bd3 O-O 11. O-O c6 12. Bf4 Qc7 13. Re1 Nh5 14. Bd2
e5 15. Nh4 Nf4 16. Nf5 Nxd3 17. Bh6 g6 18. Qxd3 Nc5 19. Qg3 Rfd8 20. Qg5 f6 21.
Qxf6 Qf7 22. Ne7+ 1-0

[Event "Detroit (MOR/1a/13)"]
[Site "?"]
[Date "1990.??.??"]
[Round "?"]
[White "Fiedler, Robert"]
[Black "Johnson, P."]
[Result "1-0"]
[WhiteElo "1720"]
[BlackElo "1605"]
[PlyCount "49"]
[EventDate "1990.??.??"]

1. d4 Nf6 2. Nc3 e6 3. e4 Bb4 4. e5 Bxc3+ 5. bxc3 Ne4 6. Qd3 f5 7. exf6 Nxf6 8.
Nf3 O-O 9. Be2 d5 10. O-O Nbd7 11. Ng5 Nb6 12. Ba3 Ne4 13. Nxe4 Rf4 14. Nd2 Qf6
15. Rae1 e5 16. dxe5 Qxe5 17. Nf3 Qf6 18. Bc1 Bf5 19. Qe3 Rg4 20. Nd4 Rxg2+ 21.
Kxg2 Nc4 22. Bxc4 Qg6+ 23. Qg3 Be4+ 24. f3 Bxf3+ 25. Rxf3 1-0

[Event "Detroit (RVO/2)"]
[Site "?"]
[Date "1990.??.??"]
[Round "?"]
[White "Faulknor, J."]
[Black "Saulmon, Scott"]
[Result "0-1"]
[WhiteElo "1605"]
[BlackElo "1610"]
[PlyCount "60"]
[EventDate "1990.??.??"]

1. e4 e6 2. d4 d5 3. e5 c5 4. Nf3 Nc6 5. Bb5 Bd7 6. c3 a6 7. Ba4 b5 8. Bc2 f6
9. O-O Qc7 10. Bf4 Rc8 11. g3 cxd4 12. cxd4 fxe5 13. Nxe5 Nxe5 14. Bxe5 Qxc2
15. Qh5+ Qg6 16. Qxg6+ hxg6 17. Nd2 Nf6 18. Nf3 Ng4 19. Bf4 Be7 20. a3 Bf6 21.
Be5 Bxe5 22. dxe5 Rc2 23. Ra2 Rf8 24. h3 Rxf3 25. hxg4 Bc6 26. Raa1 d4 27. Kh2
Rcxf2+ 28. Rxf2 Rxf2+ 29. Kh3 g5 30. Rg1 d3 0-1

[Event "Detroit (RVO/4)"]
[Site "?"]
[Date "1990.??.??"]
[Round "?"]
[White "Faulknor, J."]
[Black "Hill, M."]
[Result "1-0"]
[WhiteElo "1605"]
[BlackElo "1605"]
[PlyCount "39"]
[EventDate "1990.??.??"]

1. e4 e6 2. d4 d5 3. e5 c5 4. Nf3 Nc6 5. Bb5 Bd7 6. Bxc6 Bxc6 7. O-O cxd4 8.
Nxd4 Bc5 9. Be3 Qc7 10. Nxe6 fxe6 11. Bxc5 Qxe5 12. Re1 Qf6 13. Bd4 Qf7 14. Qe2
Bd7 15. Nd2 Nf6 16. Nf3 Ne4 17. Ne5 Qe7 18. Qh5+ Kd8 19. Nf7+ Kc7 20. Be5+ 1-0

[Event "Detroit (MOR/5/16)"]
[Site "?"]
[Date "1990.??.??"]
[Round "?"]
[White "Falkowski, Kenneth"]
[Black "Sunts, A."]
[Result "1-0"]
[WhiteElo "1790"]
[BlackElo "1605"]
[PlyCount "39"]
[EventDate "1990.??.??"]

{5/(16)} 1. d4 d5 2. c4 Nf6 3. Nc3 e6 4. Bg5 Be7 5. Nf3 O-O 6. e3 Nbd7 7. Bd3
c5 8. Bxf6 Bxf6 9. cxd5 cxd4 10. exd4 exd5 11. O-O Nb6 12. Qc2 g6 13. Rfe1 Bg4
14. Ne5 Bxe5 15. Rxe5 Be6 16. Qb3 Rc8 17. Rc1 Nc4 18. Re2 Na5 19. Qc2 Qf6 20.
Rd2 {[Remainder illegible; 1-0, 71?]} 1-0

[Event "Detroit (MOR/1a/3)"]
[Site "?"]
[Date "1990.??.??"]
[Round "?"]
[White "Falkowski, Kenneth"]
[Black "Nikitin, Mike"]
[Result "1/2-1/2"]
[WhiteElo "1790"]
[BlackElo "1605"]
[PlyCount "65"]
[EventDate "1990.??.??"]

1. d4 e6 2. c4 Nf6 3. Nc3 b6 4. e4 Bb7 5. e5 Ne4 6. Nf3 Be7 7. Qc2 Nxc3 8. Qxc3
Nc6 9. a3 d5 10. cxd5 Qxd5 11. Bd3 O-O-O 12. Be3 b5 13. O-O a6 14. Rac1 Kb8 15.
Rfd1 Rc8 16. Nd2 Nxd4 17. f3 Rhd8 18. Kf1 Qxe5 19. Bf2 Bf6 20. Bg3 Qh5 21.
Bxc7+ Ka8 22. Qa5 Nc6 23. Rxc6 Rxc7 24. Rxc7 Rxd3 25. Rdc1 Qxh2 26. Qb6 Qh1+
27. Ke2 Rxd2+ 28. Kxd2 Qxg2+ 29. Kd3 Qxf3+ 30. Qe3 Qf5+ 31. Ke2 Qg4+ 32. Kd3
Qf5+ 33. Ke2 1/2-1/2

[Event "Detroit (MOR/3/46)"]
[Site "?"]
[Date "1990.??.??"]
[Round "?"]
[White "Falkowski, Kenneth"]
[Black "Cunningham, J."]
[Result "1-0"]
[WhiteElo "1790"]
[BlackElo "1605"]
[PlyCount "95"]
[EventDate "1990.??.??"]

{3/(46)} 1. d4 d5 2. c4 e6 3. Nc3 c6 4. Nf3 Bb4 5. Qc2 c5 6. cxd5 Bxc3+ 7. bxc3
cxd4 8. dxe6 Bxe6 9. cxd4 Nf6 10. Bg5 Qa5+ 11. Bd2 Qd5 12. e3 O-O 13. Be2 Bf5
14. Qc4 Qe4 15. O-O Nbd7 16. Rfd1 Rac8 17. Qb3 Be6 18. Qa3 Qd5 19. Rdc1 Bf5 20.
Qb3 Qd6 21. Bb4 Qb8 22. Bxf8 Rxf8 23. Bd3 Bg4 24. Qd1 h5 25. h3 g6 26. hxg4
hxg4 27. Nh4 g3 28. f4 Re8 29. Qf3 Nh5 30. Bc4 Kg7 31. Qd5 Re7 32. Qf3 Qd8 33.
Nf5+ gxf5 34. Qxh5 f6 35. Qf3 Qh8 36. Qxg3+ Kf8 37. Kf2 Rg7 38. Rh1 Qxh1 39.
Qxg7+ Kxg7 40. Rxh1 Nb6 41. Bb3 a5 42. a4 Nd7 43. Rc1 Nf8 44. Rc7+ Kg6 45. Rxb7
Kh5 46. d5 Ng6 47. Rh7+ Kg4 48. Bd1# 1-0

[Event "Flint (MI Senior/2/7)"]
[Site "?"]
[Date "1990.??.??"]
[Round "?"]
[White "Falkner, J."]
[Black "Shields, S."]
[Result "1-0"]
[WhiteElo "1605"]
[BlackElo "1605"]
[PlyCount "97"]
[EventDate "1990.??.??"]

{2/(7)} 1. c4 e5 2. g3 Nf6 3. Bg2 Bc5 4. e3 c6 5. Nc3 O-O 6. Nf3 d6 7. O-O Bg4
8. d4 exd4 9. exd4 Bb4 10. Qc2 Bxf3 11. Bxf3 Re8 12. Be3 d5 13. cxd5 cxd5 14.
Rac1 Bxc3 15. bxc3 Nc6 16. Bg5 Qd6 17. Bxf6 Qxf6 18. Bxd5 Rad8 19. Bg2 Rd7 20.
Rfe1 Rc8 21. Bh3 Qd8 22. Bxd7 Qxd7 23. Qe4 Rf8 24. Kg2 f5 25. Qe6+ Qxe6 26.
Rxe6 h6 27. Rce1 f4 28. Re8 f3+ 29. Kf1 Na5 30. Rxf8+ Kxf8 31. Re3 Kg8 32. Rxf3
Nc4 33. Rd3 Kf7 34. Ke2 Ke6 35. f4 b5 36. d5+ Kd6 37. Kf3 g5 38. Rd4 gxf4 39.
gxf4 Ke7 40. Rxc4 bxc4 41. Ke4 h5 42. Ke5 h4 43. f5 a5 44. f6+ Kd7 45. f7 Ke7
46. f8=Q+ Kxf8 47. Kd6 Ke8 48. Kc7 h3 49. d6 1-0

[Event "Flint (MI Senior/4/7)"]
[Site "?"]
[Date "1990.??.??"]
[Round "?"]
[White "Falkner, J."]
[Black "Shields, B."]
[Result "0-1"]
[WhiteElo "1605"]
[BlackElo "1605"]
[PlyCount "90"]
[EventDate "1990.??.??"]

{4/(7)} 1. c4 c5 2. g3 Nf6 3. Bg2 e6 4. Nf3 Be7 5. e3 O-O 6. O-O Nc6 7. Na3 Ng4
8. d4 cxd4 9. Nxd4 Nxd4 10. exd4 f5 11. Bf4 Bxa3 12. bxa3 a5 13. h3 Nf6 14. Re1
Ra7 15. Rb1 d6 16. Qe2 b6 17. Bg5 h6 18. Bxf6 Qxf6 19. d5 e5 20. Rxb6 Ba6 21.
Reb1 e4 22. Rb8 Qc3 23. Rxf8+ Kxf8 24. Rb8+ Ke7 25. Qh5 Kf6 26. Rf8+ Ke5 27.
Qxf5+ Kd4 28. Qxe4+ Kc5 29. Qe3+ Qxe3 30. fxe3 Bxc4 31. Rc8+ Kb5 32. Bf1 Bxf1
33. Kxf1 Rf7+ 34. Ke2 Rf5 35. e4 Rf7 36. Rc3 Ka4 37. Kd1 Re7 38. Rc4+ Kxa3 39.
Kc2 Rb7 40. Rc3+ Kxa2 41. Rc6 Rb2+ 42. Kd3 Rb3+ 43. Rc3 a4 44. e5 dxe5 45. Rxb3
axb3 0-1

[Event "Detroit (RVO/5)"]
[Site "?"]
[Date "1990.??.??"]
[Round "?"]
[White "Everett, Morgan"]
[Black "Turner, Keita"]
[Result "1-0"]
[WhiteElo "2140"]
[BlackElo "1690"]
[PlyCount "95"]
[EventDate "1990.??.??"]

1. e4 c5 2. Nf3 Nc6 3. Nc3 d6 4. d4 cxd4 5. Nxd4 Nf6 6. Bc4 Qa5 7. Nb3 Qc7 8.
O-O g6 9. Bg5 Bg7 10. Bxf6 Bxf6 11. Nd5 Qd8 12. Nxf6+ exf6 13. Qd2 Ne5 14. Bd5
Qc7 15. f4 Qb6+ 16. Kh1 Ng4 17. Rae1 Be6 18. h3 h5 19. Qd4 Nh6 20. Qxf6 Rh7 21.
Bxe6 Ng4 22. Bxg4 hxg4 23. Qd4 Qc6 24. Kh2 gxh3 25. gxh3 Qxc2+ 26. Rf2 Qc8 27.
f5 Qd8 28. e5 d5 29. fxg6 fxg6 30. Qa4+ Qd7 31. Qxd7+ Kxd7 32. e6+ Ke7 33. Nd4
Rah8 34. Rf3 Rh4 35. Rf7+ Ke8 36. Nf3 Rxh3+ 37. Kg2 R3h7 38. Rxh7 Rxh7 39. Kg3
Rc7 40. Re2 Rc4 41. Ne5 Rc7 42. Kg4 d4 43. Kg5 Rc1 44. Kxg6 Rd1 45. Kf6 d3 46.
Rf2 Re1 47. e7 d2 48. Ke6 1-0

[Event "Detroit (MI Op/1a/20)"]
[Site "?"]
[Date "1990.??.??"]
[Round "?"]
[White "Everett, Morgan"]
[Black "Kornhauser, M."]
[Result "1-0"]
[WhiteElo "2080"]
[BlackElo "1825"]
[PlyCount "55"]
[EventDate "1990.??.??"]

1. e4 g6 2. d4 Bg7 3. Nc3 d6 4. Nf3 c6 5. Bc4 Nf6 6. Bb3 O-O 7. O-O Bg4 8. h3
Bxf3 9. Qxf3 Nbd7 10. Be3 e5 11. Rad1 Qe7 12. a4 Kh8 13. Qe2 a5 14. Qd2 Rad8
15. dxe5 dxe5 16. Qd6 Qxd6 17. Rxd6 h6 18. Rfd1 Ra8 19. Rxd7 Nxd7 20. Rxd7 f5
21. Bb6 fxe4 22. Nxe4 Rf4 23. f3 h5 24. Rxb7 Bh6 25. Re7 Bg7 26. Bc7 Ra7 27.
Rxg7 Kxg7 28. Bxe5+ 1-0

[Event "Detroit (MI Op/3/7)"]
[Site "?"]
[Date "1990.??.??"]
[Round "?"]
[White "Everett, Morgan"]
[Black "Finegold, Ron"]
[Result "1-0"]
[WhiteElo "2080"]
[BlackElo "2200"]
[PlyCount "61"]
[EventDate "1990.??.??"]

{3/(7)} 1. e4 Nc6 2. d4 e5 3. dxe5 Nxe5 4. f4 Nc6 5. Be3 Nge7 6. Bc4 Na5 7. Be2
d6 8. Nf3 f5 9. exf5 Bxf5 10. O-O Qd7 11. Nc3 Nac6 12. a3 Bg4 13. Qe1 O-O-O 14.
Qf2 d5 15. Nd4 Nxd4 16. Bxg4 Qxg4 17. Bxd4 b6 18. Kh1 Nc6 19. Rae1 Qd7 20. b4
Kb7 21. Rd1 Qf7 22. Qf3 Ne7 23. Be5 c6 24. f5 Rg8 25. b5 cxb5 26. Nxb5 Nc6 27.
Bg3 Rd7 28. c4 dxc4 29. Nxa7 Kxa7 30. Qxc6 Rxd1 31. Rxd1 1-0

[Event "Detroit (MI Op/6/9)"]
[Site "?"]
[Date "1990.??.??"]
[Round "?"]
[White "Everett, Morgan"]
[Black "Chehayeb, Sal"]
[Result "1-0"]
[WhiteElo "2080"]
[BlackElo "2140"]
[PlyCount "121"]
[EventDate "1990.??.??"]

{6/(9)} 1. e4 c5 2. Nf3 d6 3. d4 cxd4 4. Nxd4 Nf6 5. Nc3 g6 6. f4 Nc6 7. Be2
Qb6 8. Be3 Qa5 9. O-O Bg7 10. Nb3 Qd8 11. Bf3 h5 12. Kh1 Bh6 13. g3 Bh3 14. Re1
Qd7 15. Nd5 Ng4 16. Bg1 Bg7 17. e5 dxe5 18. Nc5 Qc8 19. Nd3 e6 20. Nc3 Nd4 21.
fxe5 Nxf3 22. Qxf3 h4 23. Ne4 Qc6 24. Nd6+ Kf8 25. Qxc6 bxc6 26. Bc5 Kg8 27.
Kg1 Rh5 28. Nc4 Bh6 29. Rad1 Rf5 30. gxh4 Rh5 31. Be7 Re8 32. Bc5 Rxh4 33. Re4
Rh5 34. Re2 Rg5 35. Kh1 Rh5 36. Nd6 Rd8 37. Rde1 Bf8 38. Ne4 Bxc5 39. Nexc5 Kg7
40. Nf4 Rhh8 41. Rg1 Rd5 42. Nxd5 cxd5 43. Nd3 Nh6 44. Rg3 Bf5 45. Nc5 Rb8 46.
c3 Ng8 47. b4 Ne7 48. Rb2 Nc6 49. Re3 Rh8 50. Kg2 Rh4 51. a4 Be4+ 52. Nxe4 dxe4
53. Rbe2 Nxe5 54. Rxe4 Rxe4 55. Rxe4 Nd3 56. Rd4 Nb2 57. a5 e5 58. Rd7 a6 59.
b5 axb5 60. a6 Na4 61. a7 1-0

[Event "Detroit (RVO/2)"]
[Site "?"]
[Date "1990.??.??"]
[Round "?"]
[White "Everett, Morgan"]
[Black "Burwell, Raymond"]
[Result "1-0"]
[WhiteElo "2140"]
[BlackElo "1740"]
[PlyCount "43"]
[EventDate "1990.??.??"]

1. e4 e5 2. Nf3 Nc6 3. d4 exd4 4. c3 d5 5. exd5 Qxd5 6. cxd4 Bg4 7. Be2 O-O-O
8. O-O Bxf3 9. Bxf3 Qxd4 10. Qb3 Qd7 11. Be3 Bd6 12. Rc1 Nge7 13. Bxa7 b6 14.
Qa4 Kb7 15. b4 Bxb4 16. Qxb4 Kxa7 17. Qa4+ Kb7 18. Nd2 Rhe8 19. Nb3 Ra8 20.
Nc5+ bxc5 21. Rab1+ Kc8 22. Qxa8+ 1-0

[Event "Detroit (MOR/7/26)"]
[Site "?"]
[Date "1990.??.??"]
[Round "?"]
[White "Endres, John"]
[Black "Mose, Greg"]
[Result "1/2-1/2"]
[WhiteElo "1605"]
[BlackElo "1710"]
[PlyCount "101"]
[EventDate "1990.??.??"]

{7/(26)} 1. e4 c5 2. Nc3 Nc6 3. Nge2 e6 4. g3 g6 5. d4 cxd4 6. Nxd4 Bg7 7. Be3
d5 8. Bb5 Nge7 9. f4 O-O 10. e5 Nxd4 11. Bxd4 a6 12. Bd3 b5 13. g4 Qc7 14. h4
Nc6 15. Bf2 f6 16. exf6 Bxf6 17. Qd2 Bxc3 18. Qxc3 Qxf4 19. Rf1 Qe5+ 20. Qxe5
Nxe5 21. Be2 Bd7 22. O-O-O a5 23. Bd4 Rxf1 24. Rxf1 Nc6 25. Bc3 d4 26. Bd2 Ne5
27. Bf4 Nc4 28. b3 Na3 29. Rd1 Rc8 30. Rxd4 Rxc2+ 31. Kd1 Be8 32. Rd8 Kf7 33.
Bd3 Rc5 34. Bd6 Rd5 35. Ke2 b4 36. Bc7 Rxd8 37. Bxd8 a4 38. Ba5 axb3 39. axb3
Bb5 40. Bxb4 Bxd3+ 41. Kxd3 Nb5 42. Kc4 Nc7 43. Bd6 Nd5 44. Kc5 Ne3 45. b4 Nxg4
46. b5 Nf6 47. b6 Nd7+ 48. Kc6 Nxb6 49. Kxb6 Kf6 50. Kc5 Kf5 51. Be7 1/2-1/2

[Event "Detroit (MOR/4/29)"]
[Site "?"]
[Date "1990.??.??"]
[Round "?"]
[White "Endres, John"]
[Black "McCarter, Robert"]
[Result "1/2-1/2"]
[WhiteElo "1605"]
[BlackElo "1745"]
[PlyCount "115"]
[EventDate "1990.??.??"]

{4/(29)} 1. e4 c6 2. Nc3 d5 3. Nf3 d4 4. Ne2 c5 5. Ng3 Qc7 6. Bc4 Bg4 7. Bxf7+
Kd8 8. O-O Nd7 9. Ng5 Qf4 10. Ne6+ Bxe6 11. Bxe6 Ngf6 12. d3 Qd6 13. Bc4 e5 14.
f4 Be7 15. fxe5 Nxe5 16. Bf4 Nfd7 17. Nf5 Qg6 18. Bd5 Rb8 19. Qd2 b6 20. Nxe7
Kxe7 21. Bg5+ Kd6 22. c3 dxc3 23. bxc3 Rhf8 24. Bf4 Ke7 25. d4 cxd4 26. Qxd4
Qh5 27. Bxe5 Qxe5 28. Qxe5+ Nxe5 29. Rxf8 Rxf8 30. Rf1 Rxf1+ 31. Kxf1 Ng4 32.
Ke2 Nxh2 33. Ke3 g5 34. Kd4 Ng4 35. e5 h5 36. Bb7 Nh6 37. Kd5 Nf7 38. Bc8 g4
39. Bf5 Nh6 40. Be6 h4 41. Bc8 g3 42. Kc6 Nf7 43. Kb7 Nxe5 44. Kxa7 Kd8 45. Bf5
Kc7 46. Ka6 Kc6 47. Be4+ Kc5 48. Kb7 Nc4 49. Kc7 Nb2 50. Kd7 Na4 51. Bf3 Nxc3
52. Ke6 Ne2 53. Ke5 b5 54. Kf6 Ng1 55. Ba8 h3 56. gxh3 Nxh3 57. Kf5 Ng1 58. Kf4
1/2-1/2

[Event "Detroit (MCO/1/9)"]
[Site "?"]
[Date "1990.??.??"]
[Round "?"]
[White "Endres, John"]
[Black "Jirjis, Faris"]
[Result "0-1"]
[WhiteElo "1605"]
[BlackElo "2150"]
[PlyCount "56"]
[EventDate "1990.??.??"]

{1/(9)} 1. e4 e6 2. d4 d5 3. Nd2 c5 4. Ngf3 Nc6 5. c3 a6 6. Be2 b5 7. O-O Qb6
8. exd5 exd5 9. Nb3 c4 10. Nbd2 Be7 11. Re1 Nf6 12. Ne5 Nxe5 13. dxe5 Nd7 14.
Nf3 Bb7 15. Bf1 O-O-O 16. Nd4 Nc5 17. Qg4+ Kb8 18. Qxg7 Rdf8 19. Bf4 Ne6 20.
Qg4 h5 21. Qg3 h4 22. Qg4 Rhg8 23. Qf3 Bc5 24. Nf5 d4 25. Re4 dxc3 26. bxc3
Bxe4 27. Qxe4 Bxf2+ 28. Kh1 Rg4 0-1

[Event "Detroit (MOR/5/25)"]
[Site "?"]
[Date "1990.??.??"]
[Round "?"]
[White "Endres, John"]
[Black "Harger, Tim"]
[Result "0-1"]
[WhiteElo "1605"]
[BlackElo "1795"]
[PlyCount "106"]
[EventDate "1990.??.??"]

{5/(25)} 1. e4 Nf6 2. Nc3 d5 3. Nf3 dxe4 4. Ng5 Bf5 5. Bc4 e6 6. d3 exd3 7.
Bxd3 Bxd3 8. Qxd3 Qxd3 9. cxd3 h6 10. Nge4 Nc6 11. Nxf6+ gxf6 12. O-O O-O-O 13.
Rd1 Be7 14. a3 h5 15. Bf4 e5 16. Be3 Kb8 17. Rac1 Rd7 18. Ne4 Rhd8 19. Rc3 Nd4
20. Kf1 b6 21. f4 f5 22. Ng5 Bxg5 23. fxg5 f4 24. Bf2 Nf5 25. Ke2 Nd4+ 26. Ke1
f3 27. gxf3 Nxf3+ 28. Ke2 Nxg5 29. Bh4 f6 30. Rf1 Nh7 31. Bxf6 Nxf6 32. Rxf6
Rg8 33. Ke3 Rg2 34. Rf2 Rdg7 35. Rcc2 R2g4 36. Rf5 R7g5 37. Rxg5 Rxg5 38. Ke4
Kb7 39. d4 exd4 40. Kxd4 c5+ 41. Kc4 Kc6 42. Kd3 Kb5 43. b3 Rd5+ 44. Kc3 Rd4
45. Rf2 a6 46. Rf3 h4 47. h3 a5 48. Rd3 Rxd3+ 49. Kxd3 a4 50. Kc3 axb3 51. Kxb3
c4+ 52. Kc3 Kc5 53. a4 Kd5 0-1

[Event "Detroit (RVO/3)"]
[Site "?"]
[Date "1990.??.??"]
[Round "?"]
[White "Endres, John"]
[Black "Frawley, Ed"]
[Result "0-1"]
[WhiteElo "1605"]
[BlackElo "1825"]
[PlyCount "44"]
[EventDate "1990.??.??"]

1. e4 e5 2. Nf3 Nc6 3. Bb5 a6 4. Ba4 Nf6 5. O-O b5 6. Bb3 Be7 7. Re1 O-O 8. c3
d5 9. exd5 Nxd5 10. Nxe5 Nxe5 11. Rxe5 Nf6 12. d4 Bd6 13. Re1 Bb7 14. Nd2 Qd7
15. Nf3 Qg4 16. d5 Qh5 17. Ng5 Qxh2+ 18. Kf1 Qh1+ 19. Ke2 Rae8+ 20. Kd2 Rxe1
21. Qxe1 Qxg2 22. Kc2 Ng4 0-1

[Event "Detroit (MOR/1b/2)"]
[Site "?"]
[Date "1990.??.??"]
[Round "?"]
[White "Endres, John"]
[Black "Franzen, K."]
[Result "1-0"]
[WhiteElo "1605"]
[BlackElo "1605"]
[PlyCount "51"]
[EventDate "1990.??.??"]

1. e4 e5 2. Nf3 Nc6 3. Bb5 a6 4. Ba4 b5 5. Bb3 Bc5 6. O-O Nf6 7. Re1 O-O 8. c3
d6 9. h3 d5 10. exd5 Nxd5 11. Nxe5 Nxe5 12. Rxe5 Bb7 13. d4 Bb6 14. Nd2 Re8 15.
Nf3 Rxe5 16. Nxe5 c5 17. Qf3 f6 18. dxc5 Bxc5 19. Nd3 Bd6 20. Bxd5+ Bxd5 21.
Qxd5+ Kf8 22. Bf4 Ke7 23. Re1+ Kd7 24. Qxd6+ Kc8 25. Qc6+ Qc7 26. Qxc7# 1-0

[Event "Detroit (RVO/5)"]
[Site "?"]
[Date "1990.??.??"]
[Round "?"]
[White "Endres, John"]
[Black "Faulknor, J."]
[Result "1-0"]
[WhiteElo "1605"]
[BlackElo "1605"]
[PlyCount "45"]
[EventDate "1990.??.??"]

1. e4 e5 2. Nf3 Nc6 3. Bb5 Nf6 4. O-O Nxe4 5. Re1 Bd6 6. Rxe4 O-O 7. d4 b6 8.
Nc3 exd4 9. Nxd4 Bb7 10. Nf5 Na5 11. Qg4 g6 12. Nxd6 cxd6 13. Rd4 Bc6 14. Rxd6
Bxb5 15. Nxb5 Qe7 16. Bh6 Rfe8 17. Rdd1 Rec8 18. Qd4 f6 19. Qd5+ Qe6 20. Qxd7
Qxd7 21. Rxd7 a6 22. Nd6 Rd8 23. Rg7+ 1-0

[Event "Detroit (RVO/1)"]
[Site "?"]
[Date "1990.??.??"]
[Round "?"]
[White "Endres, John"]
[Black "Darbro, D."]
[Result "0-1"]
[WhiteElo "1605"]
[BlackElo "1945"]
[PlyCount "82"]
[EventDate "1990.??.??"]

1. e4 e6 2. d4 d5 3. Nd2 c5 4. Ngf3 Nf6 5. e5 Nfd7 6. c4 cxd4 7. cxd5 exd5 8.
Nb3 Nc6 9. Nbxd4 Ndxe5 10. Bb5 Bd7 11. O-O Be7 12. Re1 Nxf3+ 13. Nxf3 a6 14.
Ba4 O-O 15. Bb3 Be6 16. Nd4 Nxd4 17. Qxd4 Bf6 18. Qd3 Qb6 19. Be3 d4 20. Bc2 g6
21. Bf4 Bf5 22. Qd2 Bxc2 23. Qxc2 Rac8 24. Qd2 Rfd8 25. Rac1 Rxc1 26. Rxc1 d3
27. Bc7 Qxb2 28. Qxb2 Bxb2 29. Rd1 Rd7 30. Bf4 Bc3 31. Kf1 Kf8 32. Be3 Ke7 33.
Bd2 Bxd2 34. Rxd2 Kd8 35. Ke1 Kc7 36. Kd1 Kc6 37. Kc1 Kc5 38. Kb2 Kc4 39. a3 b5
40. Rd1 d2 41. Kc2 a5 0-1

[Event "Detroit (MCO/5/12)"]
[Site "?"]
[Date "1990.??.??"]
[Round "?"]
[White "Endres, John"]
[Black "Calton, Bill"]
[Result "0-1"]
[WhiteElo "1605"]
[BlackElo "2025"]
[PlyCount "24"]
[EventDate "1990.??.??"]

{5/(12)} 1. e4 Nf6 2. Nc3 d5 3. d3 dxe4 4. dxe4 Qxd1+ 5. Kxd1 e6 6. Bf4 Bc5 7.
f3 c6 8. Bc4 O-O 9. Nge2 Nbd7 10. e5 Nd5 11. Bg3 Ne3+ 12. Kd2 Nxc4+ 0-1

[Event "Flint (Class DEU/1)"]
[Site "?"]
[Date "1990.??.??"]
[Round "?"]
[White "Ellis, P."]
[Black "Motley, Gerald"]
[Result "1-0"]
[WhiteElo "1605"]
[BlackElo "1605"]
[PlyCount "139"]
[EventDate "1990.??.??"]

1. d4 d5 2. e3 Nf6 3. Bd3 Bg4 4. Nf3 e6 5. Nbd2 Nc6 6. O-O a6 7. Qe1 Be7 8. c3
Bd6 9. e4 dxe4 10. Bxe4 Nxe4 11. Qxe4 Bf5 12. Qe3 Ne7 13. Ne5 b5 14. Qg3 Bg6
15. f4 f6 16. Nxg6 hxg6 17. Qe3 f5 18. Qxe6 Qd7 19. Qxd7+ Kxd7 20. Nf3 c6 21.
Ne5+ Kc7 22. Re1 Rhf8 23. a4 b4 24. Nc4 Nd5 25. Nxd6 Kxd6 26. b3 bxc3 27. Ba3+
Kd7 28. Bxf8 Rxf8 29. g3 Nb4 30. Re2 Rf6 31. Rc1 c2 32. Kg2 a5 33. Rd2 Rd6 34.
Kf3 Re6 35. Re2 Rd6 36. Rd2 Ke6 37. h3 Rd5 38. g4 Kd6 39. Ke3 Ke7 40. Rf2 Kf7
41. Rcxc2 Nxc2+ 42. Rxc2 Rd6 43. Rc5 Re6+ 44. Re5 Rd6 45. Rxa5 Re6+ 46. Re5 Rd6
47. gxf5 gxf5 48. Rxf5+ Ke7 49. h4 Rh6 50. h5 g6 51. hxg6 Rxg6 52. Rg5 Rh6 53.
Kd3 Rh4 54. Rc5 Kd6 55. f5 Rh3+ 56. Kc4 Rf3 57. a5 Rf1 58. b4 Rc1+ 59. Kd3 Rb1
60. Kc3 Rd1 61. a6 Kc7 62. d5 Kb6 63. Rxc6+ Kb5 64. a7 Ra1 65. Rc5+ Kb6 66. Ra5
Rc1+ 67. Kd4 Rd1+ 68. Ke5 Re1+ 69. Kf6 Re4 70. a8=Q 1-0

[Event "Flint (Class DEU/4)"]
[Site "?"]
[Date "1990.??.??"]
[Round "?"]
[White "Ellis, P."]
[Black "Cusenza, J."]
[Result "1/2-1/2"]
[WhiteElo "1605"]
[BlackElo "1605"]
[PlyCount "107"]
[EventDate "1990.??.??"]

1. d4 d5 2. e3 Nf6 3. Bd3 Bg4 4. Ne2 e6 5. O-O Bd6 6. f4 Nc6 7. c3 Ne4 8. Bxe4
dxe4 9. Nd2 f5 10. Nc4 O-O 11. Ne5 Bxe5 12. fxe5 Ne7 13. Qe1 Ng6 14. Nf4 Qe8
15. h3 Nxf4 16. exf4 Bh5 17. Kh2 Kh8 18. Rg1 Kg8 19. g4 Bg6 20. Qg3 Rd8 21. h4
Rd7 22. h5 Bf7 23. gxf5 Bxh5 24. f6 Qg6 25. Qh3 Qf5 26. Qh4 h6 27. Be3 Kh7 28.
Rxg7+ Rxg7 29. fxg7 Kxg7 30. Qg3+ Bg4 31. Rg1 Qh5+ 32. Kg2 Kh7 33. Kf2 Rg8 34.
Ke1 Qf5 35. Qh4 h5 36. Kd2 b6 37. b4 Kh6 38. c4 Qf7 39. f5+ Kh7 40. f6 c5 41.
bxc5 bxc5 42. Kc3 cxd4+ 43. Bxd4 Rg6 44. a4 a5 45. Rb1 Bf3 46. Rg1 Qf8 47. Rg5
Qb8 48. Rxg6 Qb4+ 49. Kc2 Qxa4+ 50. Kb1 Qd1+ 51. Ka2 Qa4+ 52. Kb1 Qd1+ 53. Ka2
Qa4+ 54. Kb1 1/2-1/2

[Event "Detroit (RVO/3)"]
[Site "?"]
[Date "1990.??.??"]
[Round "?"]
[White "Elliott, J."]
[Black "Workman, K."]
[Result "1-0"]
[WhiteElo "1605"]
[BlackElo "1605"]
[PlyCount "95"]
[EventDate "1990.??.??"]

1. e4 a6 2. Nf3 b5 3. c4 c6 4. Be2 Bb7 5. a3 e6 6. d4 d5 7. cxd5 cxd5 8. e5 h6
9. b4 Ne7 10. h4 Nf5 11. g4 Ne7 12. Bd3 Nbc6 13. h5 Qb6 14. Be3 a5 15. bxa5
Nxa5 16. O-O Nc4 17. Qb3 Nc6 18. Nc3 Rxa3 19. Rxa3 Nxa3 20. Nxb5 Nxb5 21. Bxb5
Ba6 22. Rb1 Bxb5 23. Qxb5 Qxb5 24. Rxb5 Bb4 25. Rb6 Kd7 26. Rb7+ Kc8 27. Rxf7
Rf8 28. Rxf8+ Bxf8 29. g5 Ne7 30. Nh4 Kd7 31. gxh6 gxh6 32. Ng6 Nxg6 33. hxg6
Ke7 34. Kg2 Bg7 35. Kh3 Kf8 36. Kh4 Kg8 37. Kh5 Bf8 38. Bxh6 Bb4 39. Be3 Kg7
40. f4 Bc3 41. Kg5 Bb4 42. f5 Be7+ 43. f6+ Bxf6+ 44. exf6+ Kg8 45. Kh5 e5 46.
dxe5 d4 47. f7+ Kf8 48. Bh6+ 1-0

[Event "Detroit (RVO/5)"]
[Site "?"]
[Date "1990.??.??"]
[Round "?"]
[White "Elliott, J."]
[Black "Smith, Ed"]
[Result "0-1"]
[WhiteElo "1605"]
[BlackElo "1750"]
[PlyCount "58"]
[EventDate "1990.??.??"]

1. c4 e5 2. Nc3 Nf6 3. d3 c6 4. Nf3 d6 5. Bg5 h6 6. Bxf6 Qxf6 7. Qc2 Be7 8. h3
O-O 9. Nd2 Qe6 10. g3 f5 11. O-O-O Qf7 12. Bg2 Nd7 13. Nd5 Nf6 14. Nxe7+ Qxe7
15. Rde1 d5 16. e3 Be6 17. Nf3 e4 18. dxe4 fxe4 19. Ne5 Bf5 20. Qc3 Nd7 21.
Nxd7 Bxd7 22. Ref1 Rf6 23. f3 exf3 24. Rxf3 Rxf3 25. Bxf3 Rf8 26. Bd1 b5 27.
cxd5 cxd5 28. Bb3 Rc8 29. Bxd5+ Kh8 0-1

[Event "Detroit (RVO/1)"]
[Site "?"]
[Date "1990.??.??"]
[Round "?"]
[White "Elliott, J."]
[Black "Frawley, Ed"]
[Result "0-1"]
[WhiteElo "1605"]
[BlackElo "1825"]
[PlyCount "46"]
[EventDate "1990.??.??"]

1. c4 e5 2. Nc3 Nf6 3. e4 Bb4 4. Nd5 Bc5 5. d3 c6 6. Nxf6+ Qxf6 7. Qf3 Qg6 8.
Bd2 O-O 9. g3 f5 10. Be3 Bb4+ 11. Ke2 d5 12. exd5 f4 13. Bh3 Bxh3 14. Nxh3 fxe3
15. Qxe3 Qg4+ 16. f3 Qxh3 17. Rag1 cxd5 18. Qxe5 Nc6 19. Qxd5+ Kh8 20. c5 Rad8
21. Qc4 Qf5 22. f4 Rfe8+ 23. Kf2 Bxc5+ 0-1